| 000 -LEADER |
| fixed length control field |
00773nam a22001937a 4500 |
| 003 - CONTROL NUMBER IDENTIFIER |
| control field |
OSt |
| 005 - DATE AND TIME OF LATEST TRANSACTION |
| control field |
20260428114955.0 |
| 008 - FIXED-LENGTH DATA ELEMENTS--GENERAL INFORMATION |
| fixed length control field |
170421t xxu||||| |||| 00| 0 eng d |
| 040 ## - CATALOGING SOURCE |
| Original cataloging agency |
BSHUA |
| Language of cataloging |
Shqip |
| Transcribing agency |
BSHUA |
| 082 ## - DEWEY DECIMAL CLASSIFICATION NUMBER |
| Item number |
787.3/Feu. |
| 100 ## - MAIN ENTRY--PERSONAL NAME |
| Personal name |
Feuillard, Louis R. ; |
| 245 ## - TITLE STATEMENT |
| Title |
Tagliche Ubungen = Exercices journaliers = Daily Exercises fur Violoncello |
| 260 ## - PUBLICATION, DISTRIBUTION, ETC. (IMPRINT) |
| Place of publication, distribution, etc |
Mainz : |
| Name of publisher, distributor, etc |
B.Schott's Sohne , |
| Date of publication, distribution, etc |
1919 . |
| 300 ## - PHYSICAL DESCRIPTION |
| Dimensions |
30 cm. . |
| Size of unit |
43 f. : me nota ; |
| 653 ## - INDEX TERM--UNCONTROLLED |
| Uncontrolled term |
Part solo - |
| -- |
Muzika boterore - Muzika franceze - |
| -- |
Muzike per violincel - Ushtrime - |
| -- |
Ushtrime per violincel solo - |
| -- |
Kompozitoret franceze - Luis R Feuillard. |
| 856 ## - ELECTRONIC LOCATION AND ACCESS |
| Link text |
Fulltext |
| 942 ## - ADDED ENTRY ELEMENTS (KOHA) |
| Source of classification or shelving scheme |
|
| Koha item type |
Music Parts |
| 953 ## - Fulltext |
| Is Fulltext Available |
Unavailable |